[Event "Czech League 2008/09 (2nd) (b)"]
[Site "Czech Republic"]
[Date "2008.11.09"]
[Round "2"]
[White "Hozda David (CZE)"]
[Black "Kucera Jaroslav (CZE)"]
[Result "1-0"]
[WhiteElo "2037"]
[BlackElo "2012"]

1.d4 d6 2.c4 e5 3.dxe5 dxe5 4.Qxd8+ Kxd8 5.e4 Nf6 6.Nc3 Bb4 7.Bg5 Bxc3+ 8.bxc3
h6 9.Rd1+ Ke7 10.Bc1 Nxe4 11.Ba3+ Kf6 12.Rd3 Bf5 13.g4 Bd7 14.Rf3+ Ke6 15.c5
Bc6 16.Bc4+ Ke7 17.Rxf7+ Kd8 18.Nf3 Ng5 19.Nxg5 hxg5 20.O-O Rh4 21.f3 Bxf3
22.R1xf3 Rxg4+ 23.Kh1 Rxc4 24.Rd3+ Ke8 25.c6 {#r} 1-0

[Event "Olympiad"]
[Site "Dresden (Germany)"]
[Date "2008.11.19"]
[Round "6"]
[White "Celis Solomon B III (MAC)"]
[Black "Khamdamov Suhrob (TJK)"]
[Result "0-1"]
[WhiteElo "2009"]
[BlackElo "2219"]

1.d4 d6 2.Nf3 g6 3.c4 Bg7 4.Nc3 Bg4 5.h3 Bxf3 6.exf3 Nc6 7.Be3 e5 8.d5 Nd4
9.Bd3 Ne7 10.O-O O-O 11.Ne2 c5 12.dxc6 bxc6 13.f4 Rb8 14.Rb1 Qa5 15.a3 c5
16.fxe5 dxe5 17.f4 Nef5 18.Bxf5 Nxf5 19.Bd2 Qa6 20.Qc1 e4 21.b3 Rfd8 22.Re1
Rd3 23.Qc2 Rbd8 24.Bc3 Ne3 25.Qc1 Nxg2 26.Kxg2 Qe6 27.Bxg7 Qxh3+ {#R} 0-1

[Event "Tournament "]
[Site "Internet"]
[Date "2008.12.14"]
[Round "1"]
[White "Vovk Yuri (UKR)"]
[Black "Altounian Levon (USA)"]
[Result "0-1"]
[WhiteElo "2549"]
[BlackElo "2454"]

1.d4 d6 2.c4 e5 3.d5 f5 4.e4 Nf6 5.Nc3 g6 6.exf5 gxf5 7.Bd3 Bg7 8.Nge2 O-O
9.O-O c5 10.Ng3 e4 11.Bc2 Na6 12.f3 Nb4 13.fxe4 Nxc2 14.Qxc2 fxe4 15.Bg5 Qe8
16.Ngxe4 Nxe4 17.Rxf8+ Qxf8 18.Nxe4 Bd4+ 19.Kh1 Bf5 20.Re1 Re8 21.h3 Bxe4
22.Rxe4 Qf1+ 23.Kh2 Be5+ 24.Rxe5 Rxe5 25.Bh4 Re2 {#R} 0-1

[Event "It (open)"]
[Site "Zadar (Croatia)"]
[Date "2008.12.14"]
[Round "1"]
[White "Gagarin Vasilij (RUS)"]
[Black "Jovanovic Zoran (CRO)"]
[Result "1-0"]
[WhiteElo "2390"]
[BlackElo "2564"]

1.d4 d6 2.Nf3 g6 3.c4 Bg7 4.Nc3 c5 5.dxc5 Bxc3+ 6.bxc3 dxc5 7.Qxd8+ Kxd8 8.Ne5
Ke8 9.g3 Nf6 10.Bg2 Nfd7 11.Nd3 Na6 12.Be3 f6 13.a4 Rb8 14.a5 b6 15.O-O Kd8
16.axb6 axb6 17.Rfd1 g5 18.Ra2 Nc7 19.Ra7 Ne8 20.Bxg5 Nd6 21.Bf4 e5 22.Nxe5
fxe5 23.Bg5+ Ke8 24.Rxd6 Rg8 25.h4 Rg6 26.Rxg6 hxg6 27.Bc6 {#r} 1-0

[Event "Ch Madrid (1/2 final) (a)"]
[Site "Madrid (Spain)"]
[Date "2009.01.12"]
[Round "1"]
[White "Andalon Gomez Carlos J (MEX)"]
[Black "Fraga Castro Jose Carlos (ESP)"]
[Result "0-1"]
[WhiteElo "2012"]
[BlackElo "2220"]

1.d4 d6 2.c4 e5 3.Nf3 e4 4.Nfd2 f5 5.e3 Nf6 6.Be2 Be7 7.Nc3 O-O 8.O-O c6 9.d5
c5 10.f3 exf3 11.Bxf3 Nbd7 12.e4 f4 13.e5 Nxe5 14.Nde4 Nxe4 15.Bxe4 g5 16.Qc2
Rf7 17.a3 Nxc4 18.g3 Bh3 19.Rf2 Bf6 20.Ne2 Ne3 21.Bxe3 fxe3 22.Rf3 Qe7 23.Rxe3
Be5 24.Rf3 Raf8 25.Rxf7 Qxf7 26.Qd1 Qf2+ 27.Kh1 Bg4 {#R} 0-1

[Event "It (open)"]
[Site "Queenstown (New Zealand)"]
[Date "2009.01.16"]
[Round "2"]
[White "Grigoryan Meri (ENG)"]
[Black "Ker Anthony F (NZL)"]
[Result "0-1"]
[WhiteElo "2122"]
[BlackElo "2321"]

1.d4 d6 2.c4 e5 3.d5 f5 4.Nc3 Nf6 5.Bg5 Be7 6.g3 Nxd5 7.Qxd5 Bxg5 8.c5 Be7
9.e4 dxc5 10.Qxe5 O-O 11.Rd1 Nc6 12.Bc4+ Kh8 13.Qf4 Bd6 14.Qd2 Nd4 15.Bd3 Qe8
16.Kf1 f4 17.Nce2 Bg4 18.Rc1 Qh5 19.Nxf4 Bxf4 20.gxf4 Bh3+ {#R} 0-1

[Event "Ch Georgia"]
[Site "Tbilisi (Georgia)"]
[Date "2009.01.17"]
[Round "1"]
[White "Charkhalashvili Inga (GEO)"]
[Black "Bagaturov Giorgi (GEO)"]
[Result "0-1"]
[WhiteElo "2357"]
[BlackElo "2478"]

1.d4 d6 2.Nf3 g6 3.c3 Bg7 4.Bf4 Nd7 5.e3 e5 6.dxe5 dxe5 7.Bg3 Ne7 8.h3 O-O
9.Nbd2 Nf5 10.Bh2 Qe7 11.Nc4 e4 12.Nd4 Ne5 13.Nxf5 Bxf5 14.Bxe5 Bxe5 15.Qd5
Bg7 16.Qxb7 Rab8 17.Qa6 Rxb2 18.Nxb2 Bxc3+ 19.Ke2 Qb4 20.Nd1 Rd8 {#R} 0-1

[Event "Ch PriFO"]
[Site "Kazan (Russia)"]
[Date "2009.01.29"]
[Round "9"]
[White "Sakharov Lev (RUS)"]
[Black "Potapov Vladimir (RUS)"]
[Result "0-1"]
[WhiteElo "2146"]
[BlackElo "2098"]

1.d4 d6 2.c4 Nd7 3.e4 e5 4.d5 Nc5 5.Nc3 f5 6.f3 fxe4 7.fxe4 Nf6 8.Bd3 Be7
9.Be3 Nxd3+ 10.Qxd3 Bg4 11.h3 Bh5 12.g4 Bg6 13.O-O-O O-O 14.Nge2 Nd7 15.Rdf1
Bh4 16.Nd1 Qe7 17.Bf2 Rxf2 18.Nxf2 Nc5 19.Qa3 Qg5+ 20.Kb1 Bxf2 21.Ka1 Nxe4
22.h4 Qe3 23.Qxe3 Bxe3 24.h5 Bf7 25.Rh3 Bh6 26.Rf5 Ng5 27.Kb1 Nxh3 {#R} 0-1

[Event "Memorial Tringov (open)"]
[Site "Plovdiv (Bulgaria)"]
[Date "2009.02.02"]
[Round "2"]
[White "Ivanov Borislav (BUL)"]
[Black "Nadj Hedjesi Balind (SRB)"]
[Result "0-1"]
[WhiteElo "2114"]
[BlackElo "2463"]

1.d4 d6 2.Nf3 Bg4 3.c4 Nd7 4.Qb3 Rb8 5.h3 Bh5 6.Bf4 c5 7.g4 Bg6 8.d5 e5 9.dxe6
fxe6 10.Ng5 Qf6 11.Qe3 Qxb2 12.Nxe6 Qxa1 13.Nxf8+ Kxf8 14.Bxd6+ Kf7 15.Bg2
Qxb1+ 16.Kd2 Qxa2+ 17.Ke1 Qa1+ 18.Kd2 Qd4+ {#R} 0-1

[Event "It (open)"]
[Site "Leiden (Netherlands)"]
[Date "2009.02.21"]
[Round "4"]
[White "Ydo Pim (NED)"]
[Black "Dek Lennart (NED)"]
[Result "0-1"]
[WhiteElo "2116"]
[BlackElo "2205"]

1.d4 d6 2.c4 e5 3.Nf3 e4 4.Nfd2 f5 5.e3 c5 6.d5 Nf6 7.Be2 g6 8.Nc3 Bg7 9.O-O
O-O 10.f3 exf3 11.Bxf3 Nbd7 12.Rb1 Ne5 13.h3 g5 14.Be2 g4 15.e4 Nh5 16.exf5
Ng3 17.Bxg4 Nxg4 18.hxg4 Bd4+ {#R} 0-1

[Event "Tournament (open)"]
[Site "Naberezhnye Chelny (Russia)"]
[Date "2009.03.15"]
[Round "8"]
[White "Murzin Lenar (RUS)"]
[Black "Talipov Nafis (RUS)"]
[Result "1-0"]
[WhiteElo "2189"]
[BlackElo "2061"]

1.d4 d6 2.Nf3 Nd7 3.e4 g6 4.Bc4 Bg7 5.Bxf7+ Kf8 6.Nc3 e5 7.Bb3 exd4 8.Nxd4 Nc5
9.O-O Nxb3 10.axb3 c6 11.Be3 Nf6 12.h3 h6 13.f4 Qe7 14.Qd3 Kf7 15.Rae1 Re8
16.Bf2 Nh5 17.e5 Nxf4 18.Bg3 Bxe5 19.Bxf4 Bxd4+ 20.Qxd4 Qxe1 21.Rxe1 Rxe1+
22.Kf2 Re8 23.Ne4 Re7 24.Qf6+ Ke8 25.Nxd6+ Kd7 26.Qxg6 {#r} 1-0

[Event "Ch City"]
[Site "Kemerovo (Russia)"]
[Date "2009.03.20"]
[Round "7"]
[White "Fanaskov Vjacheslav (RUS)"]
[Black "Zimin Ivan (RUS)"]
[Result "1-0"]
[WhiteElo "2199"]
[BlackElo "2121"]

1.d4 d6 2.c4 Nd7 3.Nc3 c6 4.Nf3 Qc7 5.d5 Ngf6 6.e4 g6 7.Be2 Bg7 8.O-O O-O 9.h3
Nc5 10.Nd2 e5 11.b4 Ncd7 12.Nb3 cxd5 13.exd5 Ne8 14.Be3 f5 15.Bg5 a6 16.c5 h6
17.Bd2 dxc5 18.bxc5 Nxc5 19.Rc1 Nxb3 20.Qxb3 Qd8 21.Na4 b5 22.Nc5 Kh7 23.Rfd1
Rf6 24.Ne6 Bxe6 25.dxe6 {#r} 1-0

[Event "Memorial Jack Speigel (cat.10)"]
[Site "Southend (England)"]
[Date "2009.04.10"]
[Round "1"]
[White "Flear Glenn C (ENG)"]
[Black "Williams Simon (ENG)"]
[Result "1-0"]
[WhiteElo "2490"]
[BlackElo "2527"]

1.d4 d6 2.c4 e5 3.d5 f5 4.e4 fxe4 5.Nc3 Bf5 6.Nge2 Bg6 7.Ng3 Nf6 8.Bg5 Be7
9.Bxf6 gxf6 10.h4 Qd7 11.Be2 f5 12.h5 Bf7 13.Qb3 b6 14.Qb5 c6 15.dxc6 Nxc6
16.Nxf5 a6 17.Qa4 b5 18.cxb5 Qxf5 19.bxc6 d5 20.c7+ Kf8 21.Qc6 Re8 22.Qh6+ Kg8
23.Rh3 Bc5 24.Rg3+ Bg6 25.f3 Kf7 26.Nxd5 Bf8 27.Qg5 {#r} 1-0

[Event "It (open)"]
[Site "Metz (France)"]
[Date "2009.04.12"]
[Round "3"]
[White "Poussier Thierry (FRA)"]
[Black "Le Quang Kim (BEL)"]
[Result "0-1"]
[WhiteElo "2013"]
[BlackElo "2297"]

1.d4 d6 2.Bg5 h6 3.Bh4 c5 4.dxc5 Qa5+ 5.Qd2 Qxc5 6.e4 Nc6 7.f4 Bd7 8.Nf3 Nf6
9.Bd3 e6 10.a3 Be7 11.Bf2 Qa5 12.b4 Qc7 13.Nc3 O-O 14.h3 Rfd8 15.g4 Be8 16.g5
hxg5 17.Nxg5 d5 18.Nb5 Qb8 19.Qe3 a6 20.e5 axb5 21.exf6 Bxf6 22.c3 Bxc3+
23.Ke2 Nd4+ {#R} 0-1

[Event "It (open)"]
[Site "Elancourt (France)"]
[Date "2009.04.24"]
[Round "8"]
[White "Vallobra Pierre (FRA)"]
[Black "Okhotnik Vladimir (FRA)"]
[Result "0-1"]
[WhiteElo "2050"]
[BlackElo "2449"]

1.d4 d6 2.Nf3 g6 3.e4 Nf6 4.Qd3 Bg7 5.c4 O-O 6.Be2 c6 7.Nc3 d5 8.cxd5 cxd5
9.e5 Ne8 10.O-O Nc6 11.a3 Nc7 12.b4 Bf5 13.Qd1 f6 14.exf6 exf6 15.Qb3 Kh8
16.Be3 Re8 17.Rfd1 Ne7 18.Rac1 Nc8 19.Bf4 Ne6 20.Bg3 {#R} 0-1

[Event "Cup Limpedea (cat.9)"]
[Site "Baia Sprie (Romania)"]
[Date "2009.05.17"]
[Round "7"]
[White "Sanikidze Tornike (GEO)"]
[Black "Szabo Attila (ROM)"]
[Result "1-0"]
[WhiteElo "2559"]
[BlackElo "2294"]

1.d4 d6 2.Nf3 g6 3.c4 Bg7 4.Nc3 c5 5.d5 Bxc3+ 6.bxc3 Qa5 7.Qc2 f5 8.g3 Nf6
9.Bh6 Nbd7 10.Bg2 Nb6 11.Nd2 Bd7 12.O-O O-O-O 13.h3 Rhe8 14.Bg5 Rf8 15.Rfe1
Rde8 16.Rac1 e5 17.dxe6 Bxe6 18.Qd3 Kc7 19.Bf4 Rd8 20.e4 Rf7 21.Qf3 Nxe4
22.Nxe4 fxe4 23.Rxe4 {#r} 1-0

[Event "It (open)"]
[Site "Albena (Bulgaria)"]
[Date "2009.06.22"]
[Round "3"]
[White "Ivanov Borislav (BUL)"]
[Black "Berezovics Alexander (RUS)"]
[Result "1-0"]
[WhiteElo "2114"]
[BlackElo "2245"]

1.d4 d6 2.Nf3 g6 3.Bf4 Bg7 4.e3 Nd7 5.h3 e5 6.Bh2 Nh6 7.Be2 O-O 8.c4 f5 9.Nc3
c6 10.O-O Qf6 11.b4 g5 12.Rc1 g4 13.hxg4 Nxg4 14.Bg3 Qh6 15.dxe5 dxe5 16.e4 f4
17.Bh4 a5 18.b5 Nc5 19.Be7 Ne6 20.Nh4 Ng5 21.Bxg4 Qxh4 22.Bxc8 Raxc8 23.Bxg5
Qxg5 24.Qf3 {#r} 1-0

[Event "Memorial Izmailov (open)"]
[Site "Tomsk (Russia)"]
[Date "2009.06.27"]
[Round "4"]
[White "Bocharov Dmitry (RUS)"]
[Black "Pushkarev Dmitry (RUS)"]
[Result "1-0"]
[WhiteElo "2613"]
[BlackElo "2426"]

1.d4 d6 2.g3 g6 3.Bg2 Bg7 4.Nf3 e5 5.dxe5 dxe5 6.Qxd8+ Kxd8 7.Nc3 c6 8.Be3 Nd7
9.O-O-O Kc7 10.Ne4 f6 11.Nd6 Ne7 12.Bh3 Nd5 13.Nxc8 Raxc8 14.Bxd7 Kxd7 15.c4
Ke6 16.cxd5+ cxd5+ 17.Kb1 d4 18.Bd2 f5 19.e4 fxe4 20.Ng5+ Kf5 21.Nf7 {#r} 1-0

[Event "It (cat.6)"]
[Site "London (England)"]
[Date "2009.06.30"]
[Round "4"]
[White "Slavin Alexei (RUS)"]
[Black "Rudd Jack (ENG)"]
[Result "1-0"]
[WhiteElo "2304"]
[BlackElo "2326"]

1.d4 d6 2.Nf3 g6 3.Bg5 Bg7 4.c3 f5 5.e3 Be6 6.Bh4 Nf6 7.Nbd2 c5 8.dxc5 dxc5
9.Ng5 Bd5 10.Bc4 Nc6 11.Ne6 Bxe6 12.Bxe6 Qd6 13.Qb3 b5 14.Bg3 Qd3 15.O-O-O Bh6
16.Rhe1 a5 17.a4 b4 18.Nc4 Qe4 19.Bf7+ Kf8 20.f3 Nd4 21.cxd4 Qb7 22.Ne5 {#r}
1-0

[Event "It (open)"]
[Site "Ourense (Spain)"]
[Date "2009.07.14"]
[Round "8"]
[White "Alvarez Pedraza Aramis (CUB)"]
[Black "Baltar Iglesias David (ESP)"]
[Result "1-0"]
[WhiteElo "2460"]
[BlackElo "2323"]

1.d4 d6 2.Nf3 Bg4 3.c4 Bxf3 4.gxf3 e6 5.Nc3 Nf6 6.e4 c5 7.Be3 cxd4 8.Qxd4 Nc6
9.Qd2 Be7 10.Rg1 O-O 11.f4 Rc8 12.Bd3 d5 13.cxd5 exd5 14.exd5 Nb4 15.Bf5 Rc4
16.Rd1 Bd6 17.a3 Na6 18.Qd3 Rxf4 19.Bxf4 Bxf4 20.d6 Re8+ 21.Kf1 Re5 22.Bh3 Rh5
23.Qf3 Bxh2 24.Rg2 Be5 25.Nd5 Rh6 26.Ne7+ Kf8 27.Nf5 Rg6 28.Qxb7 {#r} 1-0

[Event "Ch Serbia (juniors)"]
[Site "Divcibare (Serbia)"]
[Date "2009.07.27"]
[Round "1"]
[White "Krstic Petar (SRB)"]
[Black "Elez Nikola (SRB)"]
[Result "1-0"]
[WhiteElo "2309"]
[BlackElo "2162"]

1.d4 d6 2.Nf3 Bg4 3.e4 Nf6 4.h3 Bh5 5.Nc3 e6 6.Be2 Be7 7.Be3 Bg6 8.Nd2 d5
9.exd5 Nxd5 10.Nxd5 exd5 11.O-O O-O 12.c3 Re8 13.Qb3 b6 14.Bf3 c6 15.c4 a5
16.a4 Ra7 17.cxd5 cxd5 18.Bxd5 Rd7 19.Bf3 Bg5 20.Nc4 Bxe3 21.fxe3 Rde7 22.Ne5
Qd6 23.Bd5 Rf8 24.Rac1 Kh8 25.Bxf7 Be4 26.Bh5 {#r} 1-0

[Event "It (open)"]
[Site "Creon (France)"]
[Date "2009.07.29"]
[Round "4"]
[White "Mohota Nisha (IND)"]
[Black "Navrotescu Catalin (ROM)"]
[Result "1-0"]
[WhiteElo "2315"]
[BlackElo "2437"]

1.d4 d6 2.Nf3 g6 3.c4 Bg7 4.Nc3 Bg4 5.e3 c5 6.Be2 cxd4 7.exd4 Nh6 8.h3 Bxf3
9.Bxf3 Nc6 10.Qa4 Qd7 11.Bxc6 bxc6 12.Bxh6 Bxh6 13.O-O O-O 14.d5 Rfc8 15.Rad1
Qb7 16.dxc6 Rxc6 17.Nd5 Rac8 18.Qb5 Qd7 19.b3 Bg7 20.Rd3 Qd8 21.Qb7 Bf8
22.Qxa7 Ra8 23.Qd4 {#r} 1-0

[Event "Tournament"]
[Site "Medellin (Colombia)"]
[Round "6"]
[White "Benitez Carlos (COL)"]
[Black "Rojas Barrero Andres Humberto (COL)"]
[Result "1-0"]
[WhiteElo "2066"]
[BlackElo "2220"]

1.d4 d6 2.c4 e5 3.Nf3 exd4 4.Nxd4 g6 5.Nc3 Bg7 6.g3 Nc6 7.Nc2 Be6 8.Ne3 Qd7
9.Ncd5 O-O-O 10.Rb1 h5 11.h4 Nh6 12.Bg2 Kb8 13.b4 Ne5 14.b5 Nf5 15.Nb4 Qc8
16.Qa4 Ne7 17.Rb3 Nxc4 18.Na6+ bxa6 19.Nxc4 {#r} 1-0

[Event "Tournament (Elo)"]
[Site "Saratov (Russia)"]
[Date "2009.08.10"]
[Round "1"]
[White "Likhoman Mikhail (RUS)"]
[Black "Gluhenkii Dmitry (RUS)"]
[Result "1-0"]
[WhiteElo "2176"]
[BlackElo "2150"]

1.d4 d6 2.Nf3 g6 3.c4 Bg7 4.Nc3 Nc6 5.d5 Nb8 6.e4 e5 7.dxe6 Bxe6 8.Be2 Nc6
9.Be3 Qd7 10.Ng5 h6 11.Nxe6 fxe6 12.Qd2 Nf6 13.O-O-O O-O-O 14.Qc2 e5 15.Qa4
Kb8 16.c5 Nd4 17.Rxd4 exd4 18.c6 Qxc6 19.Bb5 Qb6 20.Bxd4 c5 21.Bxf6 a6 22.Bxg7
axb5 23.Nxb5 Rh7 24.Bf6 Rf8 25.Bh4 Rc8 26.Bg3 Rc6 27.Rd1 Rd7 28.e5 {#r} 1-0

[Event "It (open)"]
[Site "Schwarzach (Austria)"]
[Date "2009.08.18"]
[Round "4"]
[White "Smirnov Artem (RUS)"]
[Black "Meier Alexander (AUT)"]
[Result "0-1"]
[WhiteElo "2441"]
[BlackElo "2146"]

1.d4 d6 2.c4 e5 3.dxe5 dxe5 4.Qxd8+ Kxd8 5.Nc3 c6 6.Bg5+ f6 7.O-O-O+ Kc7 8.Bd2
Be6 9.e3 Nd7 10.Nf3 Nh6 11.h3 Nf7 12.Rg1 Be7 13.g4 a5 14.Ne1 Rhd8 15.f4 Nd6
16.b3 b6 17.Bd3 Nc5 18.Bc2 e4 19.f5 Bg8 20.Ng2 a4 21.Nf4 axb3 22.axb3 b5
23.cxb5 Nxb3+ 24.Bxb3 Bxb3 25.Ne6+ Kb6 26.bxc6 Nc4 27.Nb1 Ra1 28.Ba5+ Kxa5
{#R} 0-1

[Event "It (open)"]
[Site "Vienna (Austria)"]
[Date "2009.08.19"]
[Round "5"]
[White "Wirth Steffen (GER)"]
[Black "Poettinger Harald (AUT)"]
[Result "0-1"]
[WhiteElo "2015"]
[BlackElo "2196"]

1.d4 d6 2.c4 e5 3.dxe5 dxe5 4.Qxd8+ Kxd8 5.Nc3 Be6 6.b3 c6 7.Bb2 Kc7 8.Nf3 f6
9.g3 a5 10.Bg2 Nd7 11.Nd2 Nc5 12.Nde4 Nxe4 13.Nxe4 Bb4+ 14.Bc3 Bxc3+ 15.Nxc3
Nh6 16.O-O Rhd8 17.Rfd1 Nf7 18.Rxd8 Rxd8 19.Rd1 Rxd1+ 20.Nxd1 Kd6 21.Be4 h6
22.Ne3 Kc5 23.Nc2 Nd6 24.Bg2 Bf5 {#R} 0-1

[Event "It (open) (b)"]
[Site "Vladimir (Russia)"]
[Date "2009.08.26"]
[Round "7"]
[White "Ustinov Alexey (RUS)"]
[Black "Mishin Alexei (RUS)"]
[Result "1-0"]
[WhiteElo "2146"]
[BlackElo "2323"]

1.d4 d6 2.Nf3 Bg4 3.Nbd2 Nd7 4.e4 e5 5.c3 c6 6.h3 Bh5 7.g4 Bg6 8.Qe2 Be7 9.h4
h5 10.g5 Qc7 11.Bh3 O-O-O 12.Rg1 Kb8 13.b3 exd4 14.Nxd4 d5 15.Bxd7 Qxd7
16.N2f3 dxe4 17.Ne5 Qd5 18.Bf4 Bd6 19.O-O-O Qc5 20.Ndxc6+ bxc6 21.Rxd6 Rxd6
22.Nd7+ {#r} 1-0

[Event "Ch Russia (Higher League)"]
[Site "Ulan Ude (Russia)"]
[Date "2009.09.07"]
[Round "6"]
[White "Popov Valerij (RUS)"]
[Black "Pushkarev Dmitry (RUS)"]
[Result "1-0"]
[WhiteElo "2563"]
[BlackElo "2426"]

1.d4 d6 2.Nf3 g6 3.c4 Bg7 4.Nc3 e5 5.g3 Nc6 6.dxe5 Nxe5 7.Nxe5 Bxe5 8.Bg2 Bg7
9.c5 Nf6 10.cxd6 Qxd6 11.Qxd6 cxd6 12.O-O Ke7 13.Rd1 Rd8 14.b3 Rb8 15.Be3 b6
16.Nb5 a6 17.Nxd6 Bg4 18.Rac1 Bxe2 19.Re1 Bg4 20.Bxb6+ Kxd6 21.Bc5+ Kc7
22.Bf8+ Kb6 23.Rc6+ Kb5 24.a4+ {#r} 1-0

[Event "Ch Serbia (team) (w)"]
[Site "Pozarevac (Yugoslavia)"]
[Date "2009.09.16"]
[Round "3"]
[White "Djukic Sandra (SRB)"]
[Black "Gaponenko Inna (UKR)"]
[Result "0-1"]
[WhiteElo "2233"]
[BlackElo "2428"]

1.d4 d6 2.c4 e5 3.d5 f5 4.Nc3 Nf6 5.Qc2 Be7 6.g3 c6 7.Bg2 cxd5 8.cxd5 Na6
9.Nh3 O-O 10.O-O h6 11.a3 Bd7 12.b4 Nc7 13.a4 Qc8 14.Qd3 b5 15.a5 Qb7 16.Rd1
Rac8 17.Na2 e4 18.Qb3 Ncxd5 19.Nf4 Rc4 20.a6 Qc6 21.Nxd5 Nxd5 22.Be3 Be6
23.Bxa7 Ra8 24.Bd4 Rxa6 25.f3 Rxd4 26.Rxd4 Bf6 27.Rad1 Bxd4+ 28.Rxd4 Nf4 {#R}
0-1

[Event "It (open)"]
[Site "Donostia (Spain)"]
[Date "2009.09.26"]
[Round "2"]
[White "Tholey Jean-Paul (FRA)"]
[Black "Ninov Nikolai (BUL)"]
[Result "0-1"]
[WhiteElo "2008"]
[BlackElo "2562"]

1.d4 d6 2.Nf3 Bg4 3.Nbd2 Nd7 4.e4 e5 5.c3 c6 6.Qb3 Qb6 7.Bc4 Qxb3 8.Bxb3 Ngf6
9.O-O Bxf3 10.Nxf3 Nxe4 11.dxe5 d5 12.Bf4 Be7 13.Bc2 O-O 14.Rfe1 Nec5 15.Nd4
Ne6 16.Bg3 Nxd4 17.cxd4 f5 18.exf6 Bxf6 19.Be5 Bxe5 20.dxe5 Rae8 21.e6 Nc5
22.e7 Rf7 23.b4 Nd7 24.b5 Rfxe7 25.Rxe7 Rxe7 26.bxc6 bxc6 27.Ba4 c5 28.Kf1 Nb6
{#R} 0-1

[Event "It (open) "]
[Site "Tatranske Zruby (Slovakia)"]
[Date "2009.10.01"]
[Round "6"]
[White "Spik Peter (SVK)"]
[Black "Dobrotka Martin (SVK)"]
[Result "0-1"]
[WhiteElo "2093"]
[BlackElo "2224"]

1.d4 d6 2.c4 e5 3.dxe5 dxe5 4.Qxd8+ Kxd8 5.Nc3 c6 6.b3 Nd7 7.Bb2 f6 8.O-O-O
Nh6 9.h3 Nf7 10.g4 Kc7 11.Bg2 a5 12.e3 Nc5 13.Nge2 h5 14.gxh5 Rxh5 15.Ng3 Rh4
16.Nce2 a4 17.Kc2 g5 18.e4 axb3+ 19.axb3 Nd6 20.f3 Be6 21.Ra1 Rxa1 22.Bxa1 b5
23.Bc3 bxc4 24.Ba5+ Kc8 25.b4 Nd3 26.Nc3 Nb5 27.Kd2 Nd4 28.Rb1 Bxh3 {#R} 0-1

[Event "Ch Slovenia (team) (2 liga) West"]
[Site "Postojna (Slovenia)"]
[Date "2009.10.24"]
[Round "2"]
[White "Vodopivec Vladimir (SLO)"]
[Black "Biti Ozren (CRO)"]
[Result "0-1"]
[WhiteElo "2145"]
[BlackElo "2359"]

1.d4 d6 2.c4 e5 3.e3 Nd7 4.Bd3 g6 5.Nc3 Bg7 6.Nge2 f5 7.e4 exd4 8.Nxd4 Bxd4
9.exf5 Bxc3+ 10.bxc3 Ne5 11.O-O Nxd3 12.Qxd3 Bxf5 13.Re1+ Kf7 14.Qd5+ Kg7
15.g4 Nf6 16.Qd4 c5 17.Qf4 Nxg4 18.f3 Ne5 19.Rxe5 dxe5 20.Qxe5+ Kf7 21.Bh6 Qf6
22.Qd5+ Qe6 23.Qxb7+ Qd7 24.Qa6 Rhe8 {#R} 0-1

[Event "It (open)"]
[Site "Le Touquet (France)"]
[Date "2009.10.26"]
[Round "3"]
[White "Pytel Krzysztof (FRA)"]
[Black "Kieffer Christian (FRA)"]
[Result "1-0"]
[WhiteElo "2383"]
[BlackElo "2109"]

1.d4 d6 2.Nf3 Bg4 3.c4 Bxf3 4.gxf3 c6 5.f4 e6 6.Nc3 d5 7.f5 exf5 8.cxd5 Nf6
9.dxc6 Nxc6 10.Bg2 Bd6 11.d5 Ne5 12.Qa4+ Nfd7 13.Nb5 Qe7 14.Nxd6+ Qxd6 15.Bd2
O-O 16.O-O a5 17.Qf4 Qf6 18.Bh3 Qd6 19.Qxf5 Qxd5 20.Bc3 Ra6 21.Rfd1 Qc5
22.Rxd7 Rg6+ 23.Bg2 Qc6 24.Rd5 {#r} 1-0

[Event "Ch Hungary (team) 2009/10"]
[Site "Hungary"]
[Date "2009.11.08"]
[Round "1"]
[White "Pinter Jozsef (HUN)"]
[Black "Okhotnik Vladimir (FRA)"]
[Result "0-1"]
[WhiteElo "2569"]
[BlackElo "2449"]

1.d4 d6 2.Nf3 Bg4 3.c4 Nd7 4.Qb3 Rb8 5.Nc3 c6 6.g3 Bxf3 7.exf3 Ngf6 8.Be2 Qa5
9.O-O e6 10.Qc2 Be7 11.Be3 d5 12.Bf4 Ra8 13.c5 O-O 14.a3 Qd8 15.b4 a6 16.Rfe1
Ne8 17.Qd2 g5 18.Be3 Ng7 19.Bd3 f5 20.Bc2 e5 21.Qd3 Qe8 22.Bd2 Bf6 23.Rad1 Qh5
24.Ne2 e4 25.fxe4 fxe4 26.Qb3 Rae8 27.Bc1 Bd8 28.Nc3 Rxf2 {#R} 0-1

[Event "Ch Central Serbia"]
[Site "Vrnjacka Banja (Serbia)"]
[Date "2009.11.15"]
[Round "9"]
[White "Milanovic Danilo (SRB)"]
[Black "Tosic Srecko (SRB)"]
[Result "1-0"]
[WhiteElo "2533"]
[BlackElo "2276"]

1.d4 d6 2.Nf3 Bg4 3.e4 e6 4.h3 Bh5 5.c4 Nf6 6.Nc3 c6 7.d5 Qa5 8.Bd2 Nbd7 9.g4
Bg6 10.g5 Ng8 11.Nd4 exd5 12.cxd5 c5 13.Nb3 Qd8 14.h4 h5 15.f4 f5 16.Bh3 fxe4
17.Qe2 Ne7 18.Nxe4 Bxe4 19.Qxe4 Qc7 20.Rc1 Nb6 21.Be6 g6 22.Bc3 Rh7 23.Bf6 Rg7
24.Nd4 c4 25.f5 gxf5 26.Nxf5 Nxf5 27.Bd7+ {#r} 1-0

[Event "Tournament (Elo)"]
[Site "Krasnoyarsk (Russia)"]
[Round "0"]
[White "Ubiennykh Ekaterina (RUS)"]
[Black "Piskunov Alexandr (RUS)"]
[Result "0-1"]
[WhiteElo "2270"]
[BlackElo "2099"]

1.d4 d6 2.c4 e5 3.Nf3 e4 4.Ng5 f5 5.h4 Be7 6.g3 Nf6 7.Bg2 c6 8.O-O h6 9.Nh3
Be6 10.d5 Bf7 11.Nc3 Nbd7 12.f3 exf3 13.Bxf3 Ne5 14.Bg2 Nxc4 15.Rxf5 Qd7
16.Qf1 cxd5 17.Nxd5 Bxd5 18.Bxd5 Nxd5 19.Rxd5 Qg4 20.Kh2 g5 21.Qf3 Qxf3
22.exf3 gxh4 23.g4 Ne5 24.Ng1 Kd7 25.Kh3 Raf8 26.f4 Nxg4 27.Nf3 Rhg8 28.Bd2
{#R} 0-1

[Event "Czech League 2009/10 (2nd) (b)"]
[Site "Czech Republic"]
[Date "2009.12.06"]
[Round "4"]
[White "Jenicek Jiri (CZE)"]
[Black "Kucera Jaroslav (CZE)"]
[Result "1-0"]
[WhiteElo "2150"]
[BlackElo "2025"]

1.d4 d6 2.c4 e5 3.dxe5 dxe5 4.Qxd8+ Kxd8 5.Nf3 f6 6.e4 Be6 7.Nc3 c6 8.a3 a5
9.Be3 Nd7 10.Na4 Kc7 11.Nd2 Ne7 12.c5 Nc8 13.Bc4 Bg8 14.Bxg8 Rxg8 15.Nc4 Ra6
16.O-O-O Be7 17.Rd3 Rd8 18.Rhd1 g6 19.g4 g5 20.Kc2 h6 21.f3 f5 22.gxf5 Nf8
23.Nxe5 Rxd3 24.Rxd3 h5 25.Nc4 Nd7 26.e5 Nf8 27.f6 Bd8 28.Bxg5 {#r} 1-0

[Event "It (open)"]
[Site "Poltava (Ukraine)"]
[Date "2009.12.11"]
[Round "9"]
[White "Odnorozhenko Evgenyi (UKR)"]
[Black "Bondar Wladimir (UKR)"]
[Result "1-0"]
[WhiteElo "2341"]
[BlackElo "2131"]

1.d4 d6 2.Nf3 Bg4 3.e3 Nd7 4.c4 c6 5.Be2 Ngf6 6.Nc3 d5 7.cxd5 cxd5 8.Qb3 e6
9.Qxb7 Be7 10.Qb3 O-O 11.O-O Qa5 12.Bd2 Rab8 13.Qc2 Rfc8 14.Rfc1 Bf5 15.Bd3
Bxd3 16.Qxd3 Bb4 17.h3 h6 18.Be1 Rc4 19.Nd2 Rc6 20.Nb3 Qd8 21.Nxd5 Rxc1
22.Nxf6+ Nxf6 23.Rxc1 Bd6 24.Qc2 Nd5 25.Nc5 Qg5 26.Ne4 {#r} 1-0